The Fool Tracklist (Bladee) - Statistics

General Stats
  • This quiz has been taken 25 times
  • The average score is 9 of 13
Answer Stats
Hint Answer % Correct
10 egobaby
91%
3 Hotel Breakfast
91%
1 The Fool Intro
82%
8 BBY
77%
6 desiree
73%
2 Let's Ride
73%
11 Trendy
73%
13 Wett (Water2)
68%
4 I Think...
64%
5 Thee 9 Is Up
55%
9 Inspiration Comes
45%
7 I Want It That Way
32%
12 Search True
27%
No matching quizzes found
Score Distribution
Percent of People with Each Score
Percentile by Number Answered
Your Score History
You have not taken this quiz